000
00301nam a22001337a 4500
008
181004b xxu||||| |||| 00| 0 eng d
020
_a
9780395779279
041
_a
eng
080
_a
941
100
_a
16
101
_a
HIS
245
_a
A History Sword Constantines
_c
Carroll.J
942
_2
udc
_c
BK
999
_c
48838
_d
48838